000 00830nam a2200253Ia 4500
003 OSt
005 20220923223145.0
006 a|||||r|||| 00| 0
007 ta
008 220922b |||||||| |||| 00| 0 hin d
024 _a211,406
037 _cTextual
040 _aARTS
_cARTS
_bhin
041 _2hin
_ahin
082 _aO152,3N367x, L7
100 _aबन्सल, पुष्पा
_9156318
245 0 _aप्रागध्वनि मृत्यु को
246 _aPrāgadhvani mṛutyu ko
260 _aइलाहाबाद
_b लोकभारती प्रका0
_c1977
300 _a155पृ.
_ccm.
650 _aहिन्दी साहित्य
_9156264
942 _hO152,3N367x, L7
_cTEXL
_2CC
999 _c361681
_d361681